লোডিং...

Guide to company law procedures

গ্রন্থ-পঞ্জীর বিবরন
প্রধান লেখক: Bhandari, M. C.
বিন্যাস: Printed Book
ভাষা:English
প্রকাশিত: Agra Wadhwa and company 1998
সংস্করন:14th ed.
বিষয়গুলি:
LEADER 00530nam a22001697a 4500
003 OSt
008 090804t xxu||||| |||| 00| 0 eng d
080 |a 347.7  |b BHA'98 
100 |a Bhandari, M. C.  |9 4553 
245 |a Guide to company law procedures  |c Edited by G. B. Rao 
250 |a 14th ed. 
260 |a Agra  |b Wadhwa and company  |c 1998 
300 |a 1903p. 
653 |a Company law 
942 |c BK  |6 _ 
999 |c 189028  |d 189028 
952 |0 0  |1 0  |4 0  |6 3477_BHA98  |7 0  |9 243913  |a SLS  |b SLS  |d 2009-08-04  |o 347.7 BHA'98  |p SLS019615  |r 2009-08-04  |w 2009-08-04  |y BK